Everybody Wants to Rule the World: Lyrics - Statistics

General Stats
  • This quiz has been taken 502 times
  • The average score is 118 of 161
Answer Stats
Answer % Correct
ever
98%
rule
98%
the
98%
to
98%
when
98%
world
98%
a
97%
wants
97%
everybody
96%
you
96%
I
94%
we
93%
your
92%
no
90%
on
89%
there's
89%
back
88%
be
88%
turn
88%
Welcome
86%
life
84%
it
82%
turning
82%
best
81%
find
81%
nature
81%
mother
80%
while
80%
will
80%
even
77%
acting
76%
sleep
74%
for
72%
and
71%
behavior
71%
me
71%
forever
69%
nothing
69%
it's
67%
where
67%
lasts
66%
my
65%
so
65%
do
63%
freedom
63%
make
63%
of
63%
help
62%
pleasure
61%
own
60%
won't
60%
light
59%
decide
58%
most
58%
they
58%
I'll
57%
room
57%
right
56%
sad
56%
behind
55%
had
55%
down
54%
glad
54%
hands
53%
made
53%
holding
52%
come
51%
almost
50%
never
50%
that
50%
walls
50%
design
47%
remorse
47%
say
47%
tumbling
47%
you'll
43%
fade
41%
we've
37%
can't
36%
this
35%
all
33%
with
31%
need
30%
stand
29%
lack
28%
one
28%
vision
28%
indecision
27%
married
23%
why
23%
believe
20%
headline
17%
No matching quizzes found
Score Distribution
Percent of People with Each Score
Percentile by Number Answered
Your Score History
You have not taken this quiz